000 01666nam a22004337a 4500
003 CHAP
005 20220329143528.0
008 100412s2009 mx r 00010 spa d
010 _a98075
011 _a99047
035 _a109732
040 _cCHAP
090 _aTesis
100 1 _aAlvarado Ontiveros, Erick
_94809
245 1 0 _aAnálisis económico del abastecimiento sustentable de madera de pino para dos empresas forestales en Durango, Durango
_c/por Erick Alvarado Ontiveros
260 _aChapingo, Méx. :
_bEl autor,
_c2009
300 _ax, 97 h. :
_bilus., gráfs.
502 _aTesis (M.C. en Ciencias Forestales) -- UACH. División de Ciencias Forestales
530 _aTambién disponible en línea
590 _aALEPH
_b10
_c20130110
_lUCH01
_h1533
590 _aBATCH-UPD
_b10
_c20130110
_lUCH01
_h1622
590 _aBATCH-UPD
_b10
_c20130410
_lUCH01
_h1016
590 _aBATCH-UPD
_b10
_c20130914
_lUCH01
_h1636
590 _aBATCH-UPD
_b10
_c20140324
_lUCH01
_h1516
590 _aBATCH-UPD
_b10
_c20141002
_lUCH01
_h0842
590 _aBATCH
_b00
_c20181121
_lUCH01
_h0758
590 _aCONVERSION
_b10
_c20130109
_lUCH01
_h1354
650 1 4 _aIndustria maderera
_xDurango.
_957881
650 1 4 _aMadera de pino.
_969650
650 1 4 _aMadera en rollo.
_969662
650 1 4 _aMadera
_xTecnología.
_969629
650 1 4 _aMadera
_xTransporte
_xCostos.
_969634
856 _3Finding aid
_uhttp://10.13.5.2/tesis/109732.pdf
_zTeclea aqui
856 _a1
_n0000257
901 _aBK
942 _cFOLL
949 _aTesis
_bBC
_cTES
_d33724002118470
_eTS1
_gDonaciØn
_h50285
_i109732
_sb
949 _aTesis
_bBC
_cTES
_d33724002118512
_eTS2
_fc.2
_gDonaciØn
_h50286
_i109732
_si
999 _c98075
_d98075